000 00751nam a2200265 a 4500
001 vtls000968279
003 NLI
005 20210627095150.0
008 120112s1941 enk 001 0 eng
039 9 _y201201121755
_zEntertech_02
040 0 _aNLI
_beng
_cEntertech-2011
_eAACR2
041 0 _aeng
044 _aenk
084 _a108.E.143
100 1 _aLandau, Rom,
_d1899-
_9778385
245 1 0 _aWe have seen evil :
_ba background to war /
_cRom Landau
260 _aLondon :
_bFaber and Faber,
_c1941
300 _a248 p. ;
_c20 cm.
500 _aIncludes index
650 0 _aWorld War, 1939-1945
_xCauses
_9786728
887 _a
901 _aIMP57692 :
_b30.08.2010
902 _a108.E.143
999 _aVIRTUA
_c793202
_d793202
942 _2ddc
_cBKS